<?xml version="1.0" encoding="UTF-8"?>
<record
    xmlns:xsi="http://www.w3.org/2001/XMLSchema-instance"
    xsi:schemaLocation="http://www.loc.gov/MARC21/slim http://www.loc.gov/standards/marcxml/schema/MARC21slim.xsd"
    xmlns="http://www.loc.gov/MARC21/slim">

  <leader>01346nam a22002537a 4500</leader>
  <controlfield tag="003">OSt</controlfield>
  <controlfield tag="005">20190222084429.0</controlfield>
  <controlfield tag="008">180309b        xxu||||| |||| 00| 0 spa d</controlfield>
  <datafield tag="020" ind1=" " ind2=" ">
    <subfield code="a">842590577X</subfield>
  </datafield>
  <datafield tag="040" ind1=" " ind2=" ">
    <subfield code="c">PJ</subfield>
  </datafield>
  <datafield tag="100" ind1=" " ind2=" ">
    <subfield code="9">476</subfield>
    <subfield code="a">Negro, Dalmacio</subfield>
  </datafield>
  <datafield tag="245" ind1="1" ind2="0">
    <subfield code="a">Liberalismo y socialismo :</subfield>
    <subfield code="b">la encrucijada intelectual de Stuart Mill / </subfield>
    <subfield code="c">Dalmacio Negro.</subfield>
  </datafield>
  <datafield tag="260" ind1=" " ind2=" ">
    <subfield code="a">Madrid :</subfield>
    <subfield code="b">Insituto de Estudios Pol&#xED;ticos,</subfield>
    <subfield code="c">1975.</subfield>
  </datafield>
  <datafield tag="300" ind1=" " ind2=" ">
    <subfield code="a">291 p.</subfield>
    <subfield code="b">22 cm.</subfield>
  </datafield>
  <datafield tag="490" ind1=" " ind2=" ">
    <subfield code="a">Estudios de Econom&#xED;a</subfield>
  </datafield>
  <datafield tag="500" ind1=" " ind2=" ">
    <subfield code="a">Citas y notas bibliogr&#xE1;ficas a pie de p&#xE1;gina.</subfield>
  </datafield>
  <datafield tag="505" ind1=" " ind2=" ">
    <subfield code="a">Contenido;
Las dos escuelas filos&#xF3;ficas inglesas. Bentham: los principios de la revisi&#xF3;n pol&#xED;tica racional. Coleridge: la pol&#xED;tica de las ideas trascendentales -- Los pensadores franceses y Stuart Mill . Augusto Comte: El moralismo pol&#xED;tico. Ciencia , pol&#xED;tica y liberalismo: Tocqueville y Mill. El problema de la ciencia Social . Comparaci&#xF3;n entre Stuart Mill y Tocqueville -- Mill y la democracia. Mill: La crisis de la critica y la cosificaci&#xF3;n de las ideas. Mill y el liberalismo social: el triunfo del conservadorismo.</subfield>
  </datafield>
  <datafield tag="600" ind1=" " ind2="0">
    <subfield code="9">477</subfield>
    <subfield code="a">MILL, JOHN STUART, 1806-1873</subfield>
  </datafield>
  <datafield tag="650" ind1=" " ind2="0">
    <subfield code="9">348</subfield>
    <subfield code="a">CIENCIAS POLITICAS</subfield>
  </datafield>
  <datafield tag="650" ind1=" " ind2="0">
    <subfield code="9">394</subfield>
    <subfield code="a">DOCTRINAS POLITICAS</subfield>
  </datafield>
  <datafield tag="650" ind1=" " ind2="0">
    <subfield code="9">300</subfield>
    <subfield code="a">ECONOMIA POLITICA </subfield>
  </datafield>
  <datafield tag="650" ind1=" " ind2="0">
    <subfield code="9">390</subfield>
    <subfield code="a">LIBERALISMO</subfield>
  </datafield>
  <datafield tag="942" ind1=" " ind2=" ">
    <subfield code="2">udc</subfield>
    <subfield code="c">LIB</subfield>
    <subfield code="h">329.12/.14 </subfield>
    <subfield code="i">NEG</subfield>
  </datafield>
  <datafield tag="999" ind1=" " ind2=" ">
    <subfield code="c">406</subfield>
    <subfield code="d">406</subfield>
  </datafield>
  <datafield tag="952" ind1=" " ind2=" ">
    <subfield code="0">0</subfield>
    <subfield code="1">0</subfield>
    <subfield code="2">udc</subfield>
    <subfield code="4">0</subfield>
    <subfield code="7">0</subfield>
    <subfield code="a">DJS</subfield>
    <subfield code="b">DJS</subfield>
    <subfield code="d">2018-05-04</subfield>
    <subfield code="o">329.12/.14 NEG</subfield>
    <subfield code="p">2326</subfield>
    <subfield code="r">2018-05-04</subfield>
    <subfield code="w">2018-05-04</subfield>
    <subfield code="y">LIB</subfield>
  </datafield>
</record>
